Κατάλογος Βιβλιοθηκών Mediterranean College

Living in the Environment / Principles, Connections, and Solutions (Record no. 4130)

MARC details
000 -LEADER
fixed length control field 01494cam a22002054a 4500
005 - ΗΜΕΡΟΜΗΝΙΑ ΚΑΙ ΩΡΑ ΤΕΛΕΥΤΑΙΑΣ ΕΝΗΜΕΡΩΣΗΣ
Πεδίο ελέγχου 20250605164137.0
008 - FIXED-LENGTH DATA ELEMENTS--GENERAL INFORMATION
Πεδίο ελέγχου σταθερού μήκους 250528s ||||||||||||||||||||||||d
035 ## - SYSTEM CONTROL NUMBER
System control number 18817
020 ## - ISBN
ISBN 534519121
040 ## - ΠΗΓΗ ΚΑΤΑΛΟΓΟΓΡΑΦΗΣΗΣ
Φορέας πρωτότυπης καταλογογράφησης MC Athens Campus Library
Γλώσσα καταλογογράφησης Ελληνικά, Μοντέρνα (1453-)
Modifying agency MC Athens Campus Library
Κανόνες περιγραφικής καταλογογράφησης AACR2
245 1# - ΤΙΤΛΟΣ ΚΑΙ ΔΗΛΩΣΗ ΥΠΕΥΘΥΝΟΤΗΤΑΣ
Τίτλος Living in the Environment / Principles, Connections, and Solutions
250 ## - EDITION STATEMENT
Edition statement 10th
260 ## - PUBLICATION, DISTRIBUTION, ETC.
Name of publisher, distributor, etc. Wadsworth Publishing Company,
Date of publication, distribution, etc. 1998
300 ## - PHYSICAL DESCRIPTION
Extent 844
520 ## - SUMMARY, ETC.
Summary, etc. Humans and Nature: An Overview, Environmental Problems and Their Causes, A Brief History of Resource Use and Conversation, Scientific Principles and Concepts, Critical Thinking: Science and Models and Systems, Matter and Energy Resources: Types of Concepts, Ecosystems and How They Work: Connections in Nature, Ecosystems: Niches and Species Interactions and Succession and Stability, Climate and Weather and Biodiversity, Population Dynamics and Evolution and Human Impacts, Geologic Processes: The Dynamic Earth, Risk and Toxicology and Human Health, The Human Population, Population Dynamics: Influencing Population Size, Population Distribution: Urban Living and Sustainable Cities, Major Global Problems, Deforestation and Loss of Biodiversity, Global Warming and Ozone Loss, Energy Resources, Resources of Pollution, Sustaining Biodiversity and Ecological Integrity, Environment and Society, Appendices, Internwet Sources and Further Reading, Glossary, Index.
700 1# - ΠΡΟΣΘΕΤΗ ΑΝΑΓΡΑΦΗ--ΦΥΣΙΚΟ ΠΡΟΣΩΠΟ
Personal name Miller Tyler G. Jr
9 (RLIN) 5081
942 ## - ADDED ENTRY ELEMENTS (KOHA)
Koha item type Books
Holdings
Τύπος τεκμηρίου Βιβλιοθήκη Τρέχουσα τοποθεσία Barcode Αριθμός εισαγωγής Ημερομηνία απόκτησης Ταξιθετικό σύμβολο Αριθμός αντιτύπου Κατάσταση απόσυρσης Κατάσταση χαμένου Κατάσταση κατεστραμμένου Μη δανεισμός Σύνολο δανεισμών Ημερομηνία τελευταίας εμφάνισης Η τιμή ισχύει από
Books MC Athens Campus Library MC Athens Campus Library 9780000041296 3728 05/06/2025 363.7 MIL 1           05/06/2025 05/06/2025

MC Athens Campus Library
Πατησίων 94 & Κοδριγκτώνος 13, 104 34
Πελλήνης 8 & Πατησίων 107, 112 51
Τ: +30 210 8899600

MC Thessaloniki Campus Library
Ίωνος Δραγούμη 21, 54625 | Ίωνος Δραγούμη 15, 54625
Τ: +30 2310 287779 – Τ: +30 2314 440300